[Event "Rated Blitz game"]
[Site "?"]
[Date "2021.01.01"]
[Round "?"]
[White "MennyHobber"]
[Black "ali-sh"]
[Result "0-1"]
[WhiteElo "2588"]
[BlackElo "2538"]
[PlyCount "30"]
[EventDate "2021.??.??"]
[EventType "blitz"]

1. e4 e5 2. Nf3 d5 3. exd5 e4 4. Ne5 Qxd5 5. d4 exd3 6. Nxd3 Bd6 7. Nc3 Qf5 8.
Be2 Nc6 9. O-O Be6 10. Bf3 Nge7 11. Be4 Qf6 12. Qh5 h6 13. Nb5 O-O-O 14. Nxd6+
Rxd6 15. Bf4 Rxd3 {Normal} 0-1

[Event "Rated Blitz tournament S0HiefDl"]
[Site "?"]
[Date "2021.01.01"]
[Round "?"]
[White "Kasperrof"]
[Black "Jlgg50972"]
[Result "1-0"]
[WhiteElo "2498"]
[BlackElo "2448"]
[PlyCount "71"]
[EventDate "2021.??.??"]
[EventType "blitz"]

1. e4 e5 2. Nf3 d5 3. exd5 e4 4. Qe2 Nf6 5. d3 Qxd5 6. Nbd2 Nc6 7. dxe4 Qe6 8.
Qe3 Bd6 9. h3 O-O 10. Bc4 Qe7 11. O-O Re8 12. Re1 Bd7 13. b3 Bc5 14. Qe2 Rad8
15. Rb1 Nh5 16. Nf1 h6 17. Ng5 hxg5 18. Qxh5 Qf6 19. Be3 Be7 20. Rbd1 g6 21.
Qe2 Bb4 22. Bd2 Bd6 23. Qe3 Bf4 24. Bc3 Ne5 25. Qc5 g4 26. hxg4 Qg5 27. Bxe5
Bxe5 28. Qd5 Be6 29. Qxb7 Bxg4 30. Rxd8 Rxd8 31. Qxa7 Kg7 32. Re3 Rh8 33. a4
Qf6 34. Qa5 Bh2+ 35. Nxh2 Qxf2+ 36. Kxf2 {Normal} 1-0

[Event "Rated Blitz game"]
[Site "?"]
[Date "2021.01.01"]
[Round "?"]
[White "GMJOEY93"]
[Black "KinzyabulatovRenat"]
[Result "0-1"]
[WhiteElo "2581"]
[BlackElo "2390"]
[PlyCount "100"]
[EventDate "2021.??.??"]
[EventType "blitz"]

1. e4 e5 2. Nf3 d5 3. d4 dxe4 4. Nxe5 Bd6 5. Nc4 Nf6 6. Nc3 O-O 7. Bg5 Be7 8.
Be2 Nc6 9. Be3 Nb4 10. O-O c6 11. a3 Nbd5 12. Nxd5 Nxd5 13. Bc1 a5 14. f3 Bf5
15. Ne3 Bg6 16. Nxd5 cxd5 17. fxe4 Bxe4 18. c3 Bd6 19. Bf4 f5 20. Qd2 h6 21. c4
Qc7 22. Bxd6 Qxd6 23. c5 Qg6 24. Bf3 b6 25. Rae1 Qc6 26. b4 axb4 27. axb4 Qb5
28. Bxe4 fxe4 29. Rxf8+ Rxf8 30. Qa2 Rd8 31. Qb3 bxc5 32. dxc5 Kh7 33. h3 Qc6
34. Qe3 Qb5 35. Qd4 Qc6 36. Rf1 Rd7 37. Rb1 Rb7 38. Rd1 Qe6 39. Qxd5 Qxd5 40.
Rxd5 Rxb4 41. Re5 Rc4 42. Kf2 Kg6 43. Ke3 Kf6 44. Rd5 g6 45. Kf4 g5+ 46. Ke3 h5
47. Rd4 Rxc5 48. Kxe4 Rc2 49. Kf3 Rc3+ 50. Rd3 Rxd3+ {Time forfeit} 0-1

[Event "Rated Blitz tournament EAKQ38d5"]
[Site "?"]
[Date "2021.01.01"]
[Round "?"]
[White "amirkhanlou38"]
[Black "BarashevNikita"]
[Result "0-1"]
[WhiteElo "2344"]
[BlackElo "2471"]
[PlyCount "42"]
[EventDate "2021.??.??"]
[EventType "blitz"]

1. e4 e5 2. Nf3 d5 3. Nxe5 Bd6 4. d4 dxe4 5. Qe2 Nf6 6. Nc3 O-O 7. Bg5 Bb4 8.
g3 Qxd4 9. f4 Bxc3+ 10. bxc3 Qxc3+ 11. Kf2 Qxa1 12. Qd2 e3+ 13. Qxe3 Qxe5 14.
Qxe5 Ng4+ 15. Kf3 Nxe5+ 16. fxe5 Nc6 17. Kf4 h6 18. h4 hxg5+ 19. hxg5 Be6 20.
Bd3 g6 21. Bxg6 fxg6+ {Normal} 0-1

[Event "Rated Blitz game"]
[Site "?"]
[Date "2021.01.01"]
[Round "?"]
[White "Juliateacher"]
[Black "KinzyabulatovRenat"]
[Result "1-0"]
[WhiteElo "2427"]
[BlackElo "2353"]
[PlyCount "27"]
[EventDate "2021.??.??"]
[EventType "blitz"]

1. e4 e5 2. Nf3 d5 3. Nxe5 Bd6 4. d4 dxe4 5. Nc3 Bxe5 6. dxe5 Qxd1+ 7. Nxd1 Nc6
8. Bf4 Nge7 9. Bg3 h5 10. h3 h4 11. Bh2 Ng6 12. Bb5 Bd7 13. Bxc6 Bxc6 14. Ne3 {
Time forfeit} 1-0

[Event "Rated Blitz tournament RsYdeXvO"]
[Site "?"]
[Date "2021.01.01"]
[Round "?"]
[White "Gianluigi77"]
[Black "Jlgg50972"]
[Result "0-1"]
[WhiteElo "2382"]
[BlackElo "2401"]
[PlyCount "42"]
[EventDate "2021.??.??"]
[EventType "blitz"]

1. e4 e5 2. Nf3 d5 3. d4 dxe4 4. Nxe5 Bd6 5. Bc4 Bxe5 6. dxe5 Qxd1+ 7. Kxd1 Nc6
8. Nc3 Nxe5 9. Bd5 Bg4+ 10. Ke1 O-O-O 11. Bxe4 Nf6 12. f3 Nxe4 13. Nxe4 Nxf3+
14. gxf3 Bxf3 15. Nf2 Rhe8+ 16. Kf1 Bxh1 17. Nxh1 Rd1+ 18. Kg2 Re2+ 19. Nf2
Ree1 20. Nd3 Re2+ 21. Kg3 Rxc2 {Normal} 0-1

[Event "Rated Blitz game"]
[Site "?"]
[Date "2021.01.01"]
[Round "?"]
[White "emiliofelixramirez"]
[Black "KinzyabulatovRenat"]
[Result "0-1"]
[WhiteElo "2455"]
[BlackElo "2400"]
[PlyCount "106"]
[EventDate "2021.??.??"]
[EventType "blitz"]

1. e4 e5 2. Nf3 d5 3. Nxe5 Bd6 4. Nxf7 Kxf7 5. Qh5+ g6 6. Qxd5+ Be6 7. Qxb7 Nd7
8. d4 Rb8 9. Qa6 Nb6 10. b3 Nf6 11. f3 Re8 12. Qd3 c5 13. Be3 cxd4 14. Bxd4
Bb4+ 15. c3 Be7 16. Be2 Qc7 17. O-O Rbd8 18. Kh1 Bc5 19. Qe3 Nbd7 20. Nd2 Bb6
21. b4 a5 22. a3 a4 23. Bb5 Kg8 24. Bxb6 Nxb6 25. Bxe8 Nxe8 26. f4 Ng7 27. Rfd1
Rc8 28. Rac1 Nc4 29. Nxc4 Bxc4 30. Qd4 Qxf4 31. e5 Ne6 32. Qxf4 Nxf4 33. Rd7
Bd5 34. Rc2 Be4 35. Rf2 Nxg2 36. Rxg2 Rxc3 37. Rd1 Rc2 38. Rdg1 Kf7 39. h3 Rc3
40. Kh2 Bxg2 41. Rxg2 Rxa3 42. Rc2 Ke6 43. Rc7 h5 44. Rg7 Kf5 45. e6 Re3 46. e7
Kf6 47. Rh7 Rxe7 48. Rh8 Rb7 49. Ra8 Rxb4 50. Ra6+ Kg5 51. Ra5+ Kh6 52. Ra6 Rb3
53. h4 Rb4 {Time forfeit} 0-1

[Event "Rated Blitz game"]
[Site "?"]
[Date "2021.01.01"]
[Round "?"]
[White "blunder_ata"]
[Black "Maltinho"]
[Result "1/2-1/2"]
[WhiteElo "2397"]
[BlackElo "2507"]
[PlyCount "53"]
[EventDate "2021.??.??"]
[EventType "blitz"]

1. e4 e5 2. Nf3 d5 3. exd5 Bd6 4. Bb5+ c6 5. dxc6 Nxc6 6. O-O Nge7 7. d4 e4 8.
Ne5 O-O 9. Bf4 Qc7 10. Nxc6 Bxf4 11. Nxe7+ Qxe7 12. Nc3 a6 13. Nd5 Bxh2+ 14.
Kxh2 Qh4+ 15. Kg1 axb5 16. Ne3 f5 17. g3 Qh3 18. Ng2 f4 19. Nxf4 Rxf4 20. gxf4
Bg4 21. f3 Qg3+ 22. Kh1 Ra5 23. fxg4 Qh3+ 24. Kg1 Qg3+ 25. Kh1 Qh3+ 26. Kg1
Qg3+ 27. Kh1 {Normal} 1/2-1/2

[Event "Rated Blitz game"]
[Site "?"]
[Date "2021.01.01"]
[Round "?"]
[White "serzhi1966"]
[Black "Tayota"]
[Result "1-0"]
[WhiteElo "2445"]
[BlackElo "2349"]
[PlyCount "71"]
[EventDate "2021.??.??"]
[EventType "blitz"]

1. e4 e5 2. Nf3 d5 3. d3 dxe4 4. dxe4 Qxd1+ 5. Kxd1 Bg4 6. Bc4 f6 7. c3 Bc5 8.
Ke2 Nc6 9. Be3 Bb6 10. Nbd2 Nge7 11. h3 Bh5 12. b4 O-O-O 13. Rhd1 g5 14. a4 a5
15. b5 Nb8 16. Nb3 Bg6 17. Be6+ Nd7 18. c4 Bxe3 19. Kxe3 b6 20. c5 Kb8 21. Rxd7
Rxd7 22. Bxd7 Rd8 23. c6 Nc8 24. Bxc8 Kxc8 25. Ra2 Bf7 26. Rb2 h5 27. Nc1 Rd1
28. Rc2 Be6 29. Ne2 Bb3 30. Rd2 Rxd2 31. Nxd2 Bxa4 32. Nc3 Bc2 33. Nd5 f5 34.
exf5 Bxf5 35. Ne7+ Kd8 36. Nxf5 {Normal} 1-0

[Event "Rated Blitz game"]
[Site "?"]
[Date "2021.01.01"]
[Round "?"]
[White "StoreySniper"]
[Black "ali-sh"]
[Result "0-1"]
[WhiteElo "2451"]
[BlackElo "2539"]
[PlyCount "104"]
[EventDate "2021.??.??"]
[EventType "blitz"]

1. e4 e5 2. Nf3 d5 3. Nxe5 Bd6 4. d4 dxe4 5. Nc4 Nc6 6. Nxd6+ Qxd6 7. Be3 Nf6
8. c3 Bg4 9. Be2 Bxe2 10. Qxe2 O-O-O 11. Nd2 h5 12. h3 Rhe8 13. O-O-O g6 14.
Kb1 Nd5 15. Qb5 a6 16. Qa4 f5 17. Bg5 Rd7 18. Nc4 Qf8 19. Ne3 Nb6 20. Qb3 f4
21. Nc4 Nxc4 22. Qxc4 e3 23. h4 e2 24. Rde1 f3 25. gxf3 Qxf3 26. Be3 Qf5+ 27.
Kc1 Qa5 28. Rxe2 Qf5 29. Bg5 Rxe2 30. Qxe2 b5 31. Re1 Kb7 32. Qe6 Qxf2 33. d5
Rxd5 34. Qxd5 Qxe1+ 35. Qd1 Qe6 36. Qf3 Qxa2 37. b4 Qc4 38. Kb2 a5 39. bxa5 b4
40. cxb4 Qxb4+ 41. Qb3 Qxb3+ 42. Kxb3 Nxa5+ 43. Kc3 Kc6 44. Kd4 Kd6 45. Bf4+
Ke6 46. Bxc7 Nc6+ 47. Ke4 Ne7 48. Bd8 Nf5 49. Bg5 Nd6+ 50. Kf4 Kd5 51. Be7 Nc8
52. Kg5 Nxe7 {Time forfeit} 0-1

[Event "Rated Rapid game"]
[Site "?"]
[Date "2021.01.01"]
[Round "?"]
[White "Bretagne_29"]
[Black "Maltinho"]
[Result "1/2-1/2"]
[WhiteElo "2391"]
[BlackElo "2487"]
[PlyCount "33"]
[EventDate "2021.??.??"]
[EventType "rapid"]

1. e4 e5 2. Nf3 d5 3. Nxe5 Bd6 4. d4 dxe4 5. Nc3 Bxe5 6. dxe5 Qxd1+ 7. Kxd1 Nc6
8. Nxe4 Nxe5 9. Bf4 Ng4 10. h3 Bf5 11. hxg4 Bxe4 12. f3 O-O-O+ 13. Kc1 Bg6 14.
Bc4 Ne7 15. b3 Nd5 16. Bxd5 Rxd5 17. Kb2 {Normal} 1/2-1/2

[Event "Rated Blitz game"]
[Site "?"]
[Date "2021.01.01"]
[Round "?"]
[White "PimponNicois"]
[Black "Tayota"]
[Result "0-1"]
[WhiteElo "2404"]
[BlackElo "2356"]
[PlyCount "102"]
[EventDate "2021.??.??"]
[EventType "blitz"]

1. e4 e5 2. Nf3 d5 3. exd5 e4 4. Qe2 f5 5. d3 Nf6 6. dxe4 fxe4 7. Nbd2 Bb4 8.
Qb5+ c6 9. Qxb4 exf3 10. Nxf3 Nxd5 11. Qe4+ Qe7 12. Qxe7+ Nxe7 13. Bc4 Bf5 14.
c3 Nd7 15. Bg5 h6 16. Be3 Nb6 17. Bb3 O-O-O 18. O-O g5 19. Nd4 Be4 20. Ne6 Rd6
21. Rad1 Bd5 22. Nc5 Rhd8 23. Rc1 Nf5 24. Rfe1 Nxe3 25. Rxe3 Bxb3 26. Nxb3 Nc4
27. Re2 Rd1+ 28. Re1 Rxc1 29. Rxc1 Nxb2 30. Nd4 c5 31. Nf5 Rd2 32. Nxh6 Nd3 33.
Rf1 Nf4 34. Nf7 Ne2+ 35. Kh1 g4 36. Ne5 Nxc3 37. Nxg4 Nxa2 38. h4 c4 39. h5 c3
40. Ne3 b5 41. h6 Rd6 42. Nf5 Rd7 43. g4 c2 44. g5 b4 45. g6 Rd1 46. g7 Rxf1+
47. Kg2 Rg1+ 48. Kxg1 c1=Q+ 49. Kh2 Qf4+ 50. Kh3 Qxf5+ 51. Kh4 Qh7 {Normal} 0-1

[Event "Rated Blitz game"]
[Site "?"]
[Date "2021.01.01"]
[Round "?"]
[White "monty82"]
[Black "Zzo0ozZ"]
[Result "1/2-1/2"]
[WhiteElo "2338"]
[BlackElo "2454"]
[PlyCount "82"]
[EventDate "2021.??.??"]
[EventType "blitz"]

1. e4 e5 2. Nf3 d5 3. exd5 e4 4. Qe2 Nf6 5. c4 c6 6. Nc3 cxd5 7. cxd5 Be7 8.
Ng5 O-O 9. Ngxe4 Nxd5 10. d4 Nc6 11. Be3 f5 12. Nxd5 Qxd5 13. Nc3 Qf7 14. Qc4
Nb4 15. Qxf7+ Rxf7 16. Bc4 Nc2+ 17. Kd2 Nxa1 18. Rxa1 Bd7 19. Bxf7+ Kxf7 20.
Bf4 Bc6 21. d5 Rd8 22. Ke2 Bxd5 23. Nxd5 Rxd5 24. Rd1 Ke6 25. Rxd5 Kxd5 26. Kd3
g5 27. Be3 b6 28. Bd4 h5 29. f3 Bd6 30. h3 g4 31. fxg4 fxg4 32. hxg4 hxg4 33.
b3 Bb8 34. Be3 b5 35. a4 a6 36. axb5 axb5 37. Bf2 Be5 38. Be3 Bd6 39. Bf2 Be5
40. Be3 Bd6 41. Bf2 Be5 {Normal} 1/2-1/2

[Event "Rated Blitz tournament EAKQ38d5"]
[Site "?"]
[Date "2021.01.01"]
[Round "?"]
[White "Serzh1105"]
[Black "Fantastic_power06"]
[Result "1/2-1/2"]
[WhiteElo "2297"]
[BlackElo "2581"]
[PlyCount "119"]
[EventDate "2021.??.??"]
[EventType "blitz"]

1. e4 e5 2. Nf3 d5 3. d3 dxe4 4. dxe4 Qxd1+ 5. Kxd1 Bg4 6. Bd3 Nc6 7. c3 O-O-O
8. Ke2 f5 9. Nbd2 Nf6 10. h3 Bh5 11. exf5 e4 12. Bxe4 Rxd2+ 13. Bxd2 Nxe4 14.
g4 Bf7 15. Be3 Bd6 16. Ne1 Re8 17. Rd1 Bc4+ 18. Kf3 Bxa2 19. Ng2 Bb3 20. Ra1
Nc5 21. Nf4 Bxf4 22. Kxf4 Bd5 23. Kg5 Bxh1 24. Bxc5 Bd5 25. Rd1 Rd8 26. f4 b6
27. Ba3 Bg2 28. Rxd8+ Nxd8 29. Bf8 Nf7+ 30. Kh4 g6 31. Kg3 Be4 32. fxg6 hxg6
33. h4 Kd7 34. Kf2 Ke6 35. Ke3 Bb1 36. Bg7 c5 37. b4 cxb4 38. cxb4 a5 39. bxa5
bxa5 40. Kd4 a4 41. h5 gxh5 42. gxh5 a3 43. Kc3 a2 44. Kb2 Nd6 45. h6 Nc4+ 46.
Ka1 Ne3 47. Kb2 Nc2 48. Kc1 Kf7 49. Bb2 Nb4 50. Kd2 Kg6 51. Bg7 Nd5 52. f5+
Bxf5 53. Kc1 Nf6 54. Bxf6 Kxf6 55. Kb2 Be6 56. h7 Kg7 57. h8=Q+ Kxh8 58. Ka1
Kg7 59. Kb2 Kf6 60. Ka1 {Time forfeit} 1/2-1/2

[Event "Rated Blitz tournament XW0QqnWf"]
[Site "?"]
[Date "2021.01.01"]
[Round "?"]
[White "Novita_Anjas"]
[Black "David-KBPL"]
[Result "1-0"]
[WhiteElo "2475"]
[BlackElo "2337"]
[PlyCount "95"]
[EventDate "2021.??.??"]
[EventType "blitz"]

1. e4 e5 2. Nf3 d5 3. Nxe5 Bd6 4. d4 dxe4 5. Nc4 Be7 6. Nc3 Nf6 7. Bg5 Bf5 8.
Ne3 Bg6 9. h4 h5 10. Be2 a6 11. f4 exf3 12. Bxf3 c6 13. Qd2 Nbd7 14. O-O-O Qc7
15. Rhe1 O-O-O 16. Nc4 Bd6 17. d5 c5 18. Nxd6+ Qxd6 19. Bf4 Qb6 20. Qe2 Qb4 21.
g3 Rhe8 22. Qf2 Nb6 23. a3 Qa5 24. Rxe8 Rxe8 25. d6 Nfd7 26. Qg2 Nc4 27. Bxb7+
Kb8 28. Qc6 Qb6 29. Qxb6 Ncxb6 30. Bxa6 f6 31. Bb5 Kb7 32. a4 Ra8 33. Re1 Re8
34. Re7 Rxe7 35. dxe7 Be8 36. Ne4 Nc8 37. Nd6+ Nxd6 38. Bxd6 Kb6 39. c4 g5 40.
Kd2 gxh4 41. gxh4 f5 42. Ke3 Nf6 43. Bxe8 Nxe8 44. Be5 Kc6 45. Kf4 Kd7 46. a5
Kc6 47. Kxf5 Kb7 48. Ke6 {Normal} 1-0

[Event "Rated Blitz game"]
[Site "?"]
[Date "2021.01.01"]
[Round "?"]
[White "Beutlin1"]
[Black "BigTy"]
[Result "0-1"]
[WhiteElo "2402"]
[BlackElo "2269"]
[PlyCount "52"]
[EventDate "2021.??.??"]
[EventType "blitz"]

1. e4 e5 2. Nf3 d5 3. Nc3 d4 4. Ne2 Nc6 5. Ng3 f6 6. Bc4 h5 7. Nh4 Nge7 8. Nxh5
Na5 9. Be2 Be6 10. g4 Qd7 11. d3 O-O-O 12. Bd2 Nac6 13. b4 Ng8 14. Ng6 Rxh5 15.
Nxf8 Rxf8 16. gxh5 f5 17. Rg1 fxe4 18. dxe4 d3 19. cxd3 Nd4 20. Be3 Nh6 21.
Bxd4 Qxd4 22. Rf1 Bh3 23. Bf3 Rxf3 24. Qxf3 Qxa1+ 25. Kd2 Qb2+ 26. Kd1 Bg4 {
Normal} 0-1

[Event "Rated Blitz game"]
[Site "?"]
[Date "2021.01.01"]
[Round "?"]
[White "Tuzibaba"]
[Black "ali-sh"]
[Result "0-1"]
[WhiteElo "2511"]
[BlackElo "2541"]
[PlyCount "58"]
[EventDate "2021.??.??"]
[EventType "blitz"]

1. e4 e5 2. Nf3 d5 3. exd5 e4 4. Qe2 Nf6 5. d3 Qxd5 6. Nc3 Bb4 7. Bd2 Bxc3 8.
Bxc3 O-O 9. Bxf6 exf3 10. Qe5 Qxe5+ 11. Bxe5 Re8 12. d4 f6 13. O-O-O fxe5 14.
dxe5 fxg2 15. Bxg2 Nc6 16. Bxc6 bxc6 17. Rhe1 Bg4 18. Rd4 Be6 19. b3 Rad8 20.
Ra4 Ra8 21. c4 a5 22. f4 g6 23. Rd1 Kf7 24. a3 Ke7 25. Kb2 c5 26. Kc3 Rf8 27.
Rf1 g5 28. Kd3 gxf4 29. Ke4 Bd7 {Normal} 0-1

[Event "Rated Blitz tournament EAKQ38d5"]
[Site "?"]
[Date "2021.01.01"]
[Round "?"]
[White "BuromVpered"]
[Black "Fantastic_power06"]
[Result "0-1"]
[WhiteElo "2487"]
[BlackElo "2580"]
[PlyCount "52"]
[EventDate "2021.??.??"]
[EventType "blitz"]

1. e4 e5 2. Nf3 d5 3. d4 dxe4 4. Nxe5 Bd6 5. Bf4 Be6 6. Nc3 f6 7. Qh5+ g6 8.
Nxg6 hxg6 9. Qxh8 Bxf4 10. d5 Bf7 11. Bb5+ c6 12. Ba4 b5 13. Bb3 c5 14. Nxb5
Qa5+ 15. Nc3 Nd7 16. O-O O-O-O 17. Qg7 Nh6 18. Nxe4 f5 19. Nf6 Bxh2+ 20. Kxh2
Nxf6 21. f3 Qc7+ 22. g3 Qe5 23. Rae1 Nfg4+ 24. fxg4 Qxg7 25. Re7 Nxg4+ 26. Kg2
Bxd5+ {Normal} 0-1

[Event "Rated Blitz tournament RsYdeXvO"]
[Site "?"]
[Date "2021.01.01"]
[Round "?"]
[White "akhilanem"]
[Black "Jlgg50972"]
[Result "1-0"]
[WhiteElo "2341"]
[BlackElo "2403"]
[PlyCount "123"]
[EventDate "2021.??.??"]
[EventType "blitz"]

1. e4 e5 2. Nf3 d5 3. Nxe5 Bd6 4. d4 dxe4 5. Nc4 Nf6 6. Nc3 O-O 7. Qe2 Re8 8.
Bg5 Nc6 9. O-O-O Bg4 10. Qxg4 Nxg4 11. Bxd8 Raxd8 12. Nxd6 Rxd6 13. Rd2 Nxd4
14. h3 e3 15. fxe3 Nxe3 16. Bd3 c5 17. Ne4 Rc6 18. Re1 Nd5 19. c4 Nb4 20. Nf6+
gxf6 21. Rxe8+ Kg7 22. Bb1 Rd6 23. Re7 b6 24. Re3 Nbc6 25. b3 Ne5 26. Kb2 a6
27. Be4 b5 28. Bd5 Rb6 29. Rg3+ Kf8 30. Kc3 a5 31. cxb5 Nxb5+ 32. Kb2 a4 33.
Rc2 a3+ 34. Kc1 Nd4 35. Rf2 Rd6 36. Be4 c4 37. bxc4 Nxc4 38. Rc3 Ne5 39. Rxa3
Nb5 40. Ra8+ Ke7 41. Rb8 Nc3 42. Bc2 Nxa2+ 43. Kb2 Ra6 44. Bb3 Nd3+ 45. Kb1
Nc3+ 46. Kc2 Nxf2 47. Kxc3 Ne4+ 48. Kd4 Nd6 49. Rh8 Nf5+ 50. Ke4 Nd6+ 51. Kf4
Rb6 52. Bd5 Rb4+ 53. Kg3 Nf5+ 54. Kh2 Ne3 55. Bf3 Nf5 56. Rxh7 Nd4 57. Be4 f5
58. Bd5 Ne6 59. Bf3 Rd4 60. Rh5 Kf6 61. Rh6+ Kg5 62. Rxe6 {Time forfeit} 1-0

[Event "Rated Blitz game"]
[Site "?"]
[Date "2021.01.01"]
[Round "?"]
[White "bingshan"]
[Black "Dzon_Vejn"]
[Result "0-1"]
[WhiteElo "2316"]
[BlackElo "2409"]
[PlyCount "86"]
[EventDate "2021.??.??"]
[EventType "blitz"]

1. e4 e5 2. Nf3 d5 3. d4 dxe4 4. Nxe5 Bd6 5. Nc3 Bxe5 6. dxe5 Qxd1+ 7. Nxd1 Nc6
8. Bf4 Nge7 9. Nc3 Bf5 10. Bb5 O-O-O 11. Bg3 Nd4 12. Ba4 e3 13. O-O e2 14. Rfe1
Bxc2 15. Rac1 Bxa4 16. Nxa4 Nef5 17. e6 Nxg3 18. hxg3 fxe6 19. Nc3 Rd6 20. Nxe2
Nxe2+ 21. Rxe2 Kd7 22. f4 h5 23. Kf2 g6 24. Rc5 Rf8 25. Kf3 Rf5 26. Rxf5 exf5
27. Rc2 Rd3+ 28. Kf2 b6 29. a3 Kd6 30. Re2 c5 31. Re8 Rd2+ 32. Kf3 Rxb2 33. Rg8
Rb3+ 34. Kf2 c4 35. Rxg6+ Kd5 36. Rg5 c3 37. Ke2 Ke4 38. Rxh5 Rb2+ 39. Kd1 Rxg2
40. Rh7 c2+ 41. Kc1 Kd3 42. Rd7+ Kc3 43. Rc7+ Kb3 {Normal} 0-1

[Event "Rated Blitz game"]
[Site "?"]
[Date "2021.01.01"]
[Round "?"]
[White "ejalmedina"]
[Black "drdumbo"]
[Result "0-1"]
[WhiteElo "2337"]
[BlackElo "2482"]
[PlyCount "64"]
[EventDate "2021.??.??"]
[EventType "blitz"]

1. e4 e5 2. Nf3 d5 3. Nxe5 Bd6 4. d4 dxe4 5. Nc4 Nf6 6. Nxd6+ Qxd6 7. Be2 Nc6
8. c3 O-O 9. O-O Nd5 10. f4 Re8 11. Na3 b6 12. Nc2 Bb7 13. c4 Ndb4 14. d5 Nxc2
15. Qxc2 Nd4 16. Qd1 Qf6 17. Be3 Nf5 18. Bc1 Rad8 19. Rb1 c6 20. b3 cxd5 21.
cxd5 Rxd5 22. Qe1 e3 23. Bb2 Qg6 24. Bf3 Rd7 25. Bxb7 Rxb7 26. Qe2 h5 27. Rbd1
h4 28. Rd3 Rbe7 29. Be5 f6 30. Bb2 Ng3 31. hxg3 hxg3 32. Qf3 Qxd3 {Normal} 0-1

[Event "Rated Blitz game"]
[Site "?"]
[Date "2021.01.01"]
[Round "?"]
[White "hungzhao"]
[Black "Melladov"]
[Result "1-0"]
[WhiteElo "2651"]
[BlackElo "2567"]
[PlyCount "73"]
[EventDate "2021.??.??"]
[EventType "blitz"]

1. e4 e5 2. Nf3 d5 3. Nxe5 Bd6 4. d4 dxe4 5. Nc4 Nf6 6. Bg5 O-O 7. Nc3 Re8 8.
Be2 h6 9. Bh4 Nc6 10. Qd2 Bf5 11. O-O-O Be7 12. d5 Nb4 13. Ne3 Bh7 14. Bg3 Na6
15. Bb5 Rf8 16. d6 Bxd6 17. Bxd6 cxd6 18. Qxd6 Qxd6 19. Rxd6 Nc7 20. Ba4 Rfd8
21. Rhd1 Rxd6 22. Rxd6 Kf8 23. Bb3 Ke7 24. Rd2 g5 25. h3 Bg6 26. a4 Rd8 27. a5
Rxd2 28. Kxd2 Kd6 29. Ba2 Nd7 30. b4 Ne5 31. Ne2 f5 32. g3 Ne6 33. Bxe6 Kxe6
34. Kc3 Nf7 35. Nd4+ Kf6 36. Nb5 f4 37. Ng4+ {Time forfeit} 1-0

[Event "Rated Blitz tournament RsYdeXvO"]
[Site "?"]
[Date "2021.01.01"]
[Round "?"]
[White "Lex6699"]
[Black "Jlgg50972"]
[Result "0-1"]
[WhiteElo "2353"]
[BlackElo "2418"]
[PlyCount "36"]
[EventDate "2021.??.??"]
[EventType "blitz"]

1. e4 e5 2. Nf3 d5 3. exd5 e4 4. Qe2 Be7 5. Qxe4 Nf6 6. Qa4+ c6 7. dxc6 O-O 8.
cxb7 Bxb7 9. Be2 Nbd7 10. O-O Nc5 11. Qd4 Nd5 12. d3 Rb8 13. Nc3 Ne6 14. Qxa7
Nb4 15. Qa4 Bc6 16. Qb3 Bxf3 17. Bxf3 Nd4 18. Qc4 Rc8 {Normal} 0-1

[Event "Rated Blitz tournament RsYdeXvO"]
[Site "?"]
[Date "2021.01.01"]
[Round "?"]
[White "Novoselski"]
[Black "Jlgg50972"]
[Result "1-0"]
[WhiteElo "2402"]
[BlackElo "2395"]
[PlyCount "95"]
[EventDate "2021.??.??"]
[EventType "blitz"]

1. e4 e5 2. Nf3 d5 3. Nxe5 Bd6 4. d4 dxe4 5. Nc4 Nf6 6. Bg5 O-O 7. Nc3 Re8 8.
Nxd6 Qxd6 9. Be2 Bf5 10. O-O Nc6 11. Nb5 Qd7 12. Bxf6 gxf6 13. c3 Kh8 14. Na3
Rg8 15. Re1 Bh3 16. g3 Rad8 17. Bh5 Qf5 18. Nc2 Ne5 19. Ne3 Qg5 20. Ng2 Bxg2
21. Kxg2 f5 22. Be2 f4 23. Kg1 f3 24. Bf1 f5 25. Qc1 Qxc1 26. Raxc1 Nc6 27. Bh3
Rgf8 28. Kf1 Kg7 29. g4 fxg4 30. Bxg4 Rde8 31. Bd7 Re7 32. Bxc6 bxc6 33. Re3
Kf6 34. Rce1 Rfe8 35. h3 Kf5 36. Kg1 Rg7+ 37. Kh1 Rg2 38. Rxf3+ exf3 39. Rxe8
Rxf2 40. Re7 Rxb2 41. Rxc7 Rb1+ 42. Kh2 f2 43. Rf7+ Ke4 44. Rxf2 Kd3 45. Rf7
Kxc3 46. Rxa7 Kxd4 47. Rxh7 Rb2+ 48. Kg3 {Normal} 1-0

[Event "Rated Blitz game"]
[Site "?"]
[Date "2021.01.01"]
[Round "?"]
[White "PimponNicois"]
[Black "Tayota"]
[Result "0-1"]
[WhiteElo "2412"]
[BlackElo "2349"]
[PlyCount "88"]
[EventDate "2021.??.??"]
[EventType "blitz"]

1. e4 e5 2. Nf3 d5 3. exd5 e4 4. Qe2 f5 5. d3 Nf6 6. Nc3 Bb4 7. dxe4 Bxc3+ 8.
bxc3 fxe4 9. Ng5 O-O 10. c4 c6 11. Bb2 cxd5 12. cxd5 Nxd5 13. Nxe4 Nf4 14. Qe3
Nc6 15. Bc4+ Be6 16. Bxe6+ Nxe6 17. O-O Qh4 18. Qb3 Qxe4 19. Rae1 Qf5 20. Qxe6+
Qxe6 21. Rxe6 Rae8 22. Rfe1 Rxe6 23. Rxe6 Kf7 24. Re2 Rd8 25. f3 Nb4 26. a3 Na6
27. Kf2 Nc5 28. Ke1 Na4 29. Be5 Rd5 30. f4 g6 31. Rd2 Rc5 32. Rd7+ Ke6 33. Rxb7
Rxc2 34. Rxa7 Nc5 35. Rxh7 Rxg2 36. Kf1 Ra2 37. Ra7 Nd3 38. a4 g5 39. Ra6+ Kf5
40. Rf6+ Ke4 41. Re6 gxf4 42. Bd6+ Kf3 43. Re1 Rf2+ 44. Kg1 Nxe1 {Normal} 0-1

[Event "Rated Blitz game"]
[Site "?"]
[Date "2021.01.01"]
[Round "?"]
[White "Slava50"]
[Black "KinzyabulatovRenat"]
[Result "0-1"]
[WhiteElo "2421"]
[BlackElo "2382"]
[PlyCount "62"]
[EventDate "2021.??.??"]
[EventType "blitz"]

1. e4 e5 2. Nf3 d5 3. Nxe5 Bd6 4. d4 dxe4 5. Bc4 Bxe5 6. Qh5 Qe7 7. Qxe5 Qxe5
8. dxe5 Nc6 9. Bf4 Nge7 10. Nc3 Ng6 11. Bg3 h5 12. h4 Ncxe5 13. Bb3 f5 14. Nd5
Kd7 15. O-O-O Kc6 16. f4 Ng4 17. Rd4 b5 18. c4 a6 19. cxb5+ axb5 20. Kb1 Kb7
21. Nxc7 Kxc7 22. Rc1+ Kb7 23. Bd5+ Kb8 24. Bxa8 Kxa8 25. Rd5 Ba6 26. Rd6 Bb7
27. Rxg6 e3 28. Be1 Rc8 29. Rxc8+ Bxc8 30. Rxg7 Nf6 31. Bc3 Nd5 {Time forfeit}
0-1

[Event "Rated Blitz game"]
[Site "?"]
[Date "2021.01.01"]
[Round "?"]
[White "Kastorcito"]
[Black "KamranShirazi"]
[Result "1-0"]
[WhiteElo "2682"]
[BlackElo "2519"]
[PlyCount "49"]
[EventDate "2021.??.??"]
[EventType "blitz"]

1. e4 e5 2. Nf3 d5 3. exd5 e4 4. Qe2 f5 5. d3 Nf6 6. Nbd2 Bb4 7. c3 O-O 8. dxe4
fxe4 9. Nxe4 Nxe4 10. Qxe4 Re8 11. Ne5 Bd6 12. f4 Nd7 13. Bd3 Nxe5 14. Qxh7+
Kf8 15. fxe5 Rxe5+ 16. Kd1 Qf6 17. Bd2 Bg4+ 18. Kc2 Rh5 19. Rhf1 Rxh7 20. Bxh7
Bxh2 21. Bg5 Qf7 22. Bg6 Qxf1 23. Rxf1+ Kg8 24. Bf7+ Kh7 25. Rh1 {Normal} 1-0

[Event "Rated Blitz game"]
[Site "?"]
[Date "2021.01.01"]
[Round "?"]
[White "TysonT"]
[Black "Dzon_Vejn"]
[Result "1-0"]
[WhiteElo "2327"]
[BlackElo "2410"]
[PlyCount "119"]
[EventDate "2021.??.??"]
[EventType "blitz"]

1. e4 e5 2. Nf3 d5 3. exd5 e4 4. Qe2 Nf6 5. d3 Qxd5 6. Nc3 Bb4 7. Bd2 Bxc3 8.
Bxc3 Nbd7 9. dxe4 Qxe4 10. Qxe4+ Nxe4 11. Bxg7 Rg8 12. Bd4 c5 13. Be3 b6 14.
O-O-O Bb7 15. Bc4 O-O-O 16. Bxf7 Rxg2 17. Be6 Nxf2 18. Ne5 Nxh1 19. Nxd7 Rxd7
20. Rxd7 Be4 21. Bf4 Rxc2+ 22. Kd1 Nf2+ 23. Ke1 Nd3+ 24. Rxd3+ Kb7 25. Re3 Bg6
26. Bd5+ Ka6 27. Bc6 b5 28. Bc7 Rc1+ 29. Kf2 Rc2+ 30. Kg3 b4 31. a4 Rxb2 32.
Re7 c4 33. Bb5+ Kb7 34. Be5+ Kc8 35. Bxb2 Kd8 36. Rxa7 c3 37. Bxc3 bxc3 38.
Rd7+ Kc8 39. Rd1 c2 40. Rc1 Kc7 41. Kf2 Kb6 42. Ke3 Kc5 43. Kd2 Kb4 44. Bd3 Bh5
45. Rxc2 Kxa4 46. Bxh7 Kb5 47. Bd3+ Kb4 48. Rc4+ Kb5 49. Rh4+ Kb6 50. Rxh5 Kb7
51. Rd5 Kb8 52. Be4 Kc7 53. h4 Kc8 54. h5 Kc7 55. h6 Kb6 56. h7 Kc7 57. h8=Q
Kb6 58. Qf6+ Ka7 59. Rd7+ Kb8 60. Qd8# {Normal} 1-0